| 000 | 01571 a2200241 4500 | ||
|---|---|---|---|
| 005 | 20080826113555.0 | ||
| 008 | 080826t xxu||||| |||| 00| 0 hin d | ||
| 010 | _aHIN-83107 | ||
| 020 |
_a8189462725 _c400.00 |
||
| 035 | _aHN-55453 | ||
| 037 | _bपु.प्र.अ.प्र /वित | ||
| 082 | _a372.83044 | ||
| 100 | _aचौधरी. रेणु | ||
| 245 |
_aवाणिज्य शिक्षणः (बी.एड/यू.जी.सी. के नवीनतम पाठयक्रमानुसार) / _cरेणु चौधरी |
||
| 246 |
_aVanijya shikshan : ( B.Ed. / U.G.C. ke naveentam pathyakramnusar ) _bby Renu Chaudahary |
||
| 260 |
_aजयपुर _bश्री कविता प्रकाशन _c2008 |
||
| 260 |
_aजयपुर _bअपोलो प्रकाशन(वितरक) |
||
| 270 |
_a21-ए, श्रीपुरम, गुर्जर की धड़ी, न्यू सांगालेर रोड, सोडाला _bजयपुर |
||
| 270 |
_a25, सिद्धेश्वरी महादेव मंदिर के पीछे, पिंकसिटी मार्केट, राजापार्क _bजयपुर |
||
| 300 |
_a264पृ _c22 सेमी (सजिल्द) |
||
| 942 |
_adpl _cHN _k372.83044 / चौधरी _2ddc _h372.83044 _mचौधरी |
||
| 999 |
_c11688 _d11688 |
||